Most LGBTQ+ Supportive U.S. States 2025 - Statistics

General Stats
  • This quiz has been taken 108 times
  • The average score is 18 of 21
Answer Stats
State Gay Travel Index % Correct
California 13
99%
New York 14
99%
Washington 12
97%
Maine 9
94%
Oregon 13
93%
Rhode Island 10
93%
New Hampshire 7
90%
Illinois 11
89%
Massachusetts 11
89%
New Jersey 11
89%
Michigan 7
88%
Pennsylvania 7
85%
Connecticut 10
84%
Hawaii 9
84%
Maryland 10
84%
Virginia 9
82%
Nevada 13
81%
Vermont 9
80%
Colorado 13
77%
New Mexico 11
77%
Minnesota 8
70%
No matching quizzes found
Score Distribution
Percent of People with Each Score
Percentile by Number Answered
Your Score History
You have not taken this quiz